000 00363nam a2200169Ia 4500
008 210210b1947 xxu||||| |||| 00| 0 eng d
041 _aeng
082 _a911/14
100 _aGUNTHER
245 _aInside USA
260 _aNew York
_bHarper & Brothers
_c1947
650 _aUSA
650 _aInside
690 _aTravel
700 _aJOHN
906 _a024685
999 _c150308
_d150308